ბათუმის შოთა რუსთაველის სახელმწიფო უნივერსიტეტის ბიბლიოთეკა

Intrusion Prerention Fundamentals / (ბიბ.ჩანაწერი № 35535)

000 -LEADER
fixed length control field 00595nam a2200229Ia 4500
001 - CONTROL NUMBER
control field 1396
003 - CONTROL NUMBER IDENTIFIER
control field GE_BSU
005 - DATE AND TIME OF LATEST TRANSACTION
control field 20221115114541.0
008 - FIXED-LENGTH DATA ELEMENTS--GENERAL INFORMATION
fixed length control field 181216s2006||||enk|||||||||||||| ||eng||
020 ## - INTERNATIONAL STANDARD BOOK NUMBER
International Standard Book Number 1587052393x
040 ## - CATALOGING SOURCE
Transcribing agency GE_BSU
041 ## - LANGUAGE CODE
Language code of text/sound track or separate title eng
080 ## - UNIVERSAL DECIMAL CLASSIFICATION NUMBER
Universal Decimal Classification number 004 C-27
100 ## - MAIN ENTRY--PERSONAL NAME
Personal name Carter, Ear
9 (RLIN) 15819
245 ## - TITLE STATEMENT
Title Intrusion Prerention Fundamentals /
Statement of responsibility, etc. Carter, Earl; Jonathan,Hogue.
264 ## - PRODUCTION, PUBLICATION, DISTRIBUTION, MANUFACTURE, AND COPYRIGHT NOTICE
Date of production, publication, distribution, manufacture, or copyright notice 2006.
300 ## - PHYSICAL DESCRIPTION
Extent 287 p.
653 ## - INDEX TERM--UNCONTROLLED
keyword Intrusion Prerention Fundamentals.
653 ## - INDEX TERM--UNCONTROLLED
keyword ინფორმატიკა
700 ## - ADDED ENTRY--PERSONAL NAME
Personal name Hogue, Jonathan
9 (RLIN) 682
942 ## - ADDED ENTRY ELEMENTS (KOHA)
Koha item type წიგნი
Source of classification or shelving scheme
ეგზემპლარები
Withdrawn status Lost status Source of classification or shelving scheme Damaged status Not for loan Permanent Location Current Location Shelving location Date acquired Cost, normal purchase price Full call number Barcode Date last seen Copy number Price effective from Koha item type Public note
          ბათუმის შოთა რუსთაველის სახელმწიფო უნივერსიტეტის მთავარი ბიბლიოთეკა ბათუმის შოთა რუსთაველის სახელმწიფო უნივერსიტეტის მთავარი ბიბლიოთეკა წიგნსაცავი 2018-12-17 18.00 004 C-27 2598 2018-12-17 2598 2018-12-17 წიგნი 18 ლ.